00336nam a2200121 a 4500008004100000050002000041100002000061245002800081246002800109260005100137300001700188350000900205120416s1960 ||||||||||||||||| || u aNA 5621.A88 For aFormaggio, Dino10aLes Basiliques d'Assise athe Basilicas of Assisi aNovarabInstituto Geografico de Agostinic1960 a164p. : ill. a0.00